CS2 Major Copenhague 2024 - Participants - Statistiques

Statistiques générales
  • Ce quiz a été pris 45 fois
  • Le résultat moyen est 43 sur 144
Statistiques - réponses
Réponse % Correct
Natus Vincere
97%
Team Vitality
97%
G2 Esports
94%
FaZe Clan
91%
apEX
88%
Team Spirit
88%
ZywOo
88%
flameZ
84%
Spinx
84%
karrigan
78%
mezii
78%
NiKo
75%
b1t
72%
rain
72%
iM
69%
jL
69%
broky
66%
donk
66%
frozen
66%
FURIA Esports
66%
huNter-
66%
ropz
66%
Aleksib
63%
Cloud9
63%
HooXi
63%
m0NESY
63%
w0nderful
63%
MOUZ
56%
chopper
53%
electroNic
53%
GamerLegion
53%
HEROIC
50%
nexa
50%
sh1ro
50%
Virtus.pro
50%
Ax1Le
47%
Jame
47%
The MongolZ
47%
Boombl4
44%
Complexity Gaming
44%
Eternal Fire
44%
FalleN
44%
HObbit
38%
Imperial Esports
38%
KSCERATO
38%
paiN Gaming
38%
Perfecto
38%
zont1x
38%
EliGE
34%
magixx
34%
MAJ3R
34%
Snax
34%
Apeks
31%
XANTARES
31%
fame
28%
hallzerk
28%
Jimpphat
28%
Keoz
28%
Legacy
28%
n0rb3r7
28%
TeSeS
28%
xertioN
28%
yuurih
28%
JT
25%
Lynn Vision Gaming
25%
siuhy
25%
woxic
25%
Brollan
22%
ECSTATIC
22%
ENCE
22%
FL1T
22%
gla1ve
22%
jkaem
22%
SAW
22%
torzsi
22%
Wicadia
22%
arT
19%
chelo
19%
coldzera
19%
Grim
19%
hades
19%
Techno4k
19%
910
16%
acoR
16%
AMKAL Esports
16%
biguzera
16%
bLitz
16%
Calyx
16%
dycha
16%
isak
16%
kyxsan
16%
mzinho
16%
nqz
16%
Senzu
16%
sjuush
16%
STYKO
16%
volt
16%
CacaNito
13%
EmiliaQAQ
13%
Goofy
13%
KOI
13%
nawwk
13%
NertZ
13%
VINI
13%
mir
9%
nicoodoz
9%
sense
9%
westmelon
9%
z4kr
9%
dumau
6%
felps
6%
floppy
6%
HEN1
6%
ICY
6%
Jee
6%
kauez
6%
Kylar
6%
latto
6%
lux
6%
n1ssim
6%
Starry
6%
b4rtiN
3%
decenty
3%
Forester
3%
Krad
3%
kraghen
3%
MUTiRiS
3%
NEKIZ
3%
NickelBack
3%
Nodios
3%
noway
3%
Patti
3%
Queenix
3%
salazar
3%
story
3%
TRAVIS
3%
adamS
0%
arrozdoce
0%
dav1g
0%
ewjerkz
0%
JUST
0%
mopoz
0%
rmn
0%
stadodo
0%
Aucun quiz correspondant
Distribution des résultats
% des personnes avec chaque résultat
Percentile par nombre de réponses
Votre historique - résultats
Vous n’avez pas pris ce quiz